01815nam a22003137a 4500003000400000005001700004008004100021040002200062082001500084100004600099245006500145260005000210300001900260366000800279490002100287505006300308505037000371505029000741505001501031650004801046650005701094650005601151650004801207650004601255700003601301942002601337999001501363952012301378OSt20230608094017.0221006b |||||||| |||| 00| 0 eng d cBiblioteca Lado V a700bS232c 9847aSantamaria-Delgado, CarolinaeEditor aCuadernos/bde música, artes visuales y artes escénicas/ aUniversidad Javerianac2015bColombiabBogota c22x28cma245p. espa a1v10x1794-6670 tEDITORIALaUna Mirada sobre el giro corporal en Colombia  tDossieraConocimiento Danzario La pornificacion de la mirada Nuevas pedagogias del cuerpo para la transformación de las subjetividades subordinadas Memorias, Violencias, cotidianidades y reconfiguraciones temporales en cuerpos femeninos Maquillar los cuerpos El cuerpo como medio de expresión y como instrumento de trabajo Modos de relación sintiente  tFuera de DossieraTeatralidades híbridas y elementos inmateriales en esta propiedad Antiestética y la función social del caos en los años sesenta Ilustrados Indice y cultura digital Articulo breve/presentación de obra Convocatoria para la presentación de artículos tICONOTOPIA 2Tesauro de Arte & ArquitecturaaMUSICA9703 2Tesauro de Arte & ArquitecturaaARTES ESCENICAS9702 2Tesauro de Arte & ArquitecturaaARTES VISUALES9702 2Tesauro de Arte & ArquitecturaaICONOGRAFIA 2Tesauro de Arte & ArquitecturaaEDUCACION aNavarreta, Jose Antonioeeditor 2ddcc1h700iS232cn0 c3818d3818 00102ddc31040708RevistasaLVbLVd2023-06-08h1i002871l0o700 S232cp002871r2023-06-08 00:00:00w2023-06-08y1